| 000 | 00349nam a22001457a 4500 | ||
|---|---|---|---|
| 003 | OSt | ||
| 005 | 20220223101457.0 | ||
| 008 | 220223b |||||||| |||| 00| 0 eng d | ||
| 020 | _a9780750686167 | ||
| 040 | _cHU | ||
| 082 |
_24th _a692.5 |
||
| 100 |
_aBrook _931237 |
||
| 245 | _aEstimating & Tendering For Construction Work | ||
| 942 |
_2ddc _cBOOKS _n0 |
||
| 999 |
_c31302 _d31302 |
||